Statistics for Greek Mythology

Click here to take the quiz!

General Stats

  • This quiz has been taken 156 times
  • The average score is 10 of 15

Answer Stats

HintAnswer% Correct
King of the GodsZeus
99%
God of the UnderworldHades
99%
Mythical creature with one eyecyclops
96%
Wife of the God of the UnderworldPersephone
93%
One who carries the world on his shouldersAtlas
93%
part man and part bull dweller of the LabrinthMinotaur
84%
God of wineDionysus
83%
War fought between the Greeks and the defenders of the city of TroyTrojan War
77%
Wife of the God of the Underworld's MotherDemeter
72%
slayer of the part man and part bull dweller of the LabrinthTheseus
63%
Hero who rescued this princessPerseus
57%
female nature deitynymphs
48%
Princess chained to a rock nakedAndromeda
39%
Wife of the God of the Underworld's Mother is the Goddess of...harvest
38%
Sisters who created the saying of a dangerous moral dilemmaCharybdis and Scylla
1%

Score Distribution

Percentile by Number Answered

Percent of People with Each Score

Your Score History

You have not taken this quiz